[Event "Dortmund 46th"]
[Site "Dortmund"]
[Date "2018.07.22"]
[Round "7"]
[White "Giri, Anish"]
[Black "Duda, Jan Krzysztof"]
[Result "1/2-1/2"]
[WhiteElo "2782"]
[BlackElo "2737"]
[Annotator "Trent,L"]
[PlyCount "94"]
[EventDate "2018.07.14"]
[EventType "tourn"]
[EventRounds "7"]
[EventCountry "GER"]
[EventCategory "19"]
[SourceTitle "CBM 186"]
[Source "ChessBase"]
[SourceDate "2018.09.14"]
[SourceVersion "1"]
[SourceVersionDate "2018.09.14"]
[SourceQuality "1"]

1. e4 d6 {Duda has been known to tinker with the Pirc/Modern Defence, so this
shouldn't have come as a surprise to Anish.} 2. d4 Nf6 3. Nc3 g6 4. Nf3 Bg7 5.
Be3 O-O 6. Qd2 {The so-called "150 attack". This line got its name from the
success of 150s (~1800 players) winning huge on the weekend circuit.} Nc6 $5 {
Very rare and a first for Duda.} (6... Ng4) (6... c6) (6... a6 {are all much
more popular.}) 7. d5 {The acid test when Black plays ...Nc6 before ...e5 in
such structures.} Nb8 8. Bh6 {I have never really believed that Black can get
away with losing two tempi especially when White is able to exchange
dark-squared bishops. That said, Richard Rapport seemed to have no
difficulties in his game in 2016.} e5 $6 {I don't buy this.} (8... c6 9. Bxg7
Kxg7 10. Be2 Qb6 11. Rb1 Nbd7 12. O-O Nc5 13. Qf4 Bg4 14. h3 Bxf3 15. Bxf3 Ncd7
16. Qg3 a5 17. Be2 a4 18. a3 Qc5 19. Rbd1 Ra5 20. Rd2 Rb8 21. Qh4 h5 22. Kh2
Rc8 23. Rd3 b5 24. Rfd1 b4 25. e5 bxc3 26. exf6+ Nxf6 27. Rxc3 Qb6 28. dxc6
Rxc6 29. Qb4 Rf5 30. f3 Re5 31. Bd3 Qc7 32. Rxc6 Qxc6 33. Re1 Qd5 34. Qc3 Rxe1
35. Qxe1 Qg5 36. Kh1 e5 37. b3 d5 38. bxa4 e4 39. fxe4 dxe4 40. Be2 Qe3 41. a5
Nd5 42. a6 Kh7 43. Qf1 f5 44. Bxh5 Nc3 {1/2-1/2 (44) Xu,Y (2430)-Rapport,R 
(2717) Danzhou 2016}) 9. dxe6 $1 Bxe6 10. Bxg7 Kxg7 11. O-O-O $16 {White has
got everything he wanted.} Nc6 12. h3 Re8 13. g4 {White's play is simple and
quick.} a6 14. Bg2 Nd7 15. Ng5 $1 {With the idea of shoving freddy the f-pawn
up the board. Black is just too slow to get anything meaningful going on the
queenside.} Nb6 16. f4 Nc4 17. Qd3 b5 18. e5 $1 Nb4 {The knights look good but
there's nothing backing them up.} 19. Qg3 d5 (19... c6 20. h4 h6 21. f5 {
is still crushing.}) 20. a3 $6 (20. h4 $1 {is just game over. Black can't stop
White carving open the kingside e.g.} h6 21. f5 hxg5 22. f6+ Kg8 23. hxg5 $18)
20... a5 21. Qh4 $2 (21. h4 $18 {was still good.}) 21... h6 22. Nxe6+ fxe6 23.
Qxd8 Rexd8 {Now things are a lot more complicated.} 24. Rde1 $6 (24. Bf1) (24.
axb4 axb4 25. Nb1 {were more testing ideas.}) 24... d4 $1 25. Nxb5 d3 $5 (25...
Rab8 26. axb4 Rxb5 27. Bf1 Rxb4 28. Bxc4 Rxc4 {is about level.}) 26. axb4 d2+
27. Kb1 dxe1=Q+ 28. Rxe1 Rab8 {Black has won the exchange but White is still
for preference.} 29. Nxc7 Rd2 30. Nxe6+ (30. Be4 $1 {was precise.}) 30... Kf7
31. Bf1 Rxb4 32. Kc1 Rf2 {And White can't hold his pawns.} 33. Nd4 Nxe5 $1 34.
fxe5 Rxd4 35. Bd3 {This position should just be equal. White can't make use of
his additional pawns due to the activity of the black rooks.} g5 36. Re3 Rdf4
37. Be2 Ke7 38. Kb1 Rf8 39. Ka2 R2f4 40. Ka3 Rb8 41. b3 Rc8 42. Bc4 Rcxc4 43.
bxc4 Rxc4 44. c3 a4 45. e6 Rf4 46. Kb2 Rf2+ 47. Ka3 Rf4 1/2-1/2

[Event "Radulescu Memorial"]
[Site "Calimanesti"]
[Date "1999.??.??"]
[Round "2"]
[White "Nanu, Ciprian Costica"]
[Black "Sanduleac, Vasile"]
[Result "1-0"]
[WhiteElo "2420"]
[BlackElo "2443"]
[Annotator "Tsesarsky,I"]
[PlyCount "65"]
[EventDate "1999.02.??"]
[EventType "tourn"]
[EventRounds "13"]
[EventCountry "ROU"]
[EventCategory "8"]
[SourceTitle "CBM 070"]
[Source "ChessBase"]
[SourceDate "1999.06.08"]
[SourceVersion "1"]
[SourceVersionDate "1999.06.08"]
[SourceQuality "1"]

{[%mdl 8224]} 1. e4 g6 2. d4 Bg7 3. Nc3 c6 4. Bc4 d6 5. Nf3 Nf6 6. Bb3 O-O 7.
O-O Bg4 8. h3 Bxf3 9. Qxf3 Nbd7 10. Bg5 (10. Qe2 e5 11. Be3 Qe7 12. d5 $14 (12.
f4 Nh5 $132 {0-1 Kranzl,A-Mooij,J/cr ch Eu teams 0 (28)})) (10. Rd1 e6 (10...
Qc7 11. Bg5 b5 12. a3 a6 13. Qe2 Kh8 14. Re1 Ng8 15. Rad1 e6 16. Qd2 $14 {
0-1 ARTHUR-Nijboer,F/AEGON, The Hague NED 1997 (54)}) 11. Bf4 Qe7 12. d5 e5 13.
dxc6 bxc6 14. Be3 Ne8 15. Qe2 Qd8 16. Qa6 $16 {1-0 Gusev Yuri S-Shashin Boris/
Tournament Armed Forces Moscow RUS 1970 (38)}) (10. Bf4 e5 11. dxe5 dxe5 12.
Bg5 Qc7 13. Rad1 h6 14. Bxf6 Nxf6 15. Qe3 Rad8 16. Qxa7 (16. Rxd8 Rxd8 17. Qxa7
$14 {0-1 Newman,E-Knudsen,J/CC USCF 1979 (20)}) 16... Rd4 17. Rxd4 exd4 18.
Qxd4 Ng4 19. e5 Nxe5 $14) (10. Ne2 Qc7 11. c3 e5 12. Bg5 Rae8 13. Rfe1 a6 14.
Rad1 exd4 15. Nxd4 c5 16. Ne2 Nxe4 17. Bf4 c4 18. Bc2 f5 19. Bxd6 Nxd6 20. Qd5+
Rf7 21. Qxd6 $11 {1/2-1/2 Moeckel,E-Meszaros,I/Bad Liebenzell WM-sen sp 1996 
(28)}) 10... Qa5 (10... a6 11. Ne2 Qa5 12. Bh4 Rfe8 13. Rfd1 Rad8 14. c3 $14 {
1/2-1/2 Drentchev,M-Chytilek,R/Rimavska Sobota Europe cadets ch Slovak 1992 
(47)}) (10... Qc7 11. Rfe1 e6 12. Rad1 a6 13. Qg3 b5 14. a3 Rac8 15. Qh4 Rfe8
16. f4 $14 {1-0 Kasimdzhanov,R-Iordachescu,V/1st Bavarian Open, Bad Wiessee
GER 1997 (43)}) 11. Bh4 Rae8 (11... b5 12. a3 Qb6 13. Rad1 a5 14. a4 b4 15. Nb1
c5 16. dxc5 Nxc5 17. Rfe1 Nxb3 18. cxb3 Qb7 19. Nd2 $11 {1/2-1/2 Packroff,
H-Schoneberg,M/Schwerin 1969 (40)}) 12. Rad1 Qh5 13. Qxh5 Nxh5 14. Ne2 (14. Bg5
e6 15. Rfe1 b5 (15... d5 16. exd5 cxd5 (16... exd5 17. Be7 $18) 17. Ba4 Nhf6
18. Bxf6 $18) 16. a3 (16. d5 $2 Bxc3 17. bxc3 exd5 18. exd5 Rxe1+ 19. Rxe1 c5 (
19... cxd5 20. Bxd5 $16) 20. a3 (20. Re7 Nb6 21. Rxa7 c4 $17) (20. c4 Nb6 21.
Re4 f5 22. Rh4 f4 23. a3 bxc4 24. Ba2 Rf5 $17) 20... c4 21. Ba2 Nhf6 22. a4 a6
23. Re7 Re8 $17) 16... Nb6 17. e5 $16) 14... Bf6 15. Bxf6 Nhxf6 16. f3 Rc8 (
16... e6 17. Nc3 d5 18. e5 Nh5 19. f4 f5 20. Ne2 h6 $14) 17. c3 c5 18. Kf2 b5 (
18... cxd4 19. cxd4 Rc7 20. Rc1 Rfc8 21. Rxc7 Rxc7 22. Nc3 a6 23. Ke3 $14) 19.
Ke3 a5 (19... Rc7 $14) 20. a3 Nb6 (20... Rc7 $14) 21. g4 Nfd7 22. Rb1 Nc4+ $2
$16 (22... a4 23. Ba2 Kg7 $14) 23. Bxc4 bxc4 24. b4 $1 (24. d5 Nb6 $11) 24...
cxb3 (24... axb4 25. axb4 cxb4 26. Rxb4 Rc7 27. Nf4 e6 28. Ra1 Rb8 29. Ra6 Rxb4
30. cxb4 Kf8 (30... c3 31. Rxd6 c2 32. Nd3 Rc3 33. Kd2 Rxd3+ 34. Kxc2 Rxf3 35.
Rxd7 Rxh3 36. b5 $18) 31. Rxd6 g5 32. Ne2 Rb7 33. b5 Ke7 34. Rc6 Rxb5 35. Rxc4
$16) 25. Rxb3 cxd4+ 26. cxd4 e5 (26... Rb8 27. Rfb1 Rxb3+ 28. Rxb3 Rb8 29.
Rxb8+ Nxb8 30. Kd3 $16) 27. d5 Nc5 28. Rb6 Rfd8 29. Rfb1 Kf8 30. Nc3 Ke7 31.
R1b5 Rd7 (31... a4 32. Ra5 Ra8 33. Rxa8 Rxa8 34. Nb5 Nd7 35. Rb7 Rc8 36. Kd2
$16 {[%cal Gb5a7,Ga7c6]}) 32. Rc6 Rdc7 $2 $18 (32... Ra8 33. g5 h6 34. h4 (34.
gxh6 Rh8 35. Rxa5 Rxh6 36. Nb5 Rxh3 (36... Nb3 37. Raa6 (37. Ra7 Rxa7 38. Nxa7
Nd4 39. Nc8+ Kd7 40. Nb6+ Ke7 41. Rc7+ Kd8 42. Rd7+ Ke8 43. Rxd6 Rxh3 44. Nc4
Rxf3+ 45. Kd2 Rf2+ $11) (37. Ra8 Rxh3 38. Rcc8 Rh2 39. a4 Nd2 40. Re8+ Kf6 41.
Ra6 Kg5 42. Rc8 $16) 37... Nc5 38. Ra7 Rxa7 39. Nxa7 $18) 37. Nxd6 Nb3 38. Nc8+
Ke8 39. Ra8 Nd4 40. Rf6 $18) 34... hxg5 35. hxg5 Raa7 36. a4 $16) 33. Rbxc5 1-0

[Event "Radulescu Memorial"]
[Site "Calimanesti"]
[Date "1999.??.??"]
[Round "11"]
[White "Solak, Dragan"]
[Black "Iordachescu, Viorel"]
[Result "1/2-1/2"]
[WhiteElo "2460"]
[BlackElo "2539"]
[Annotator "Tsesarsky,I"]
[PlyCount "124"]
[EventDate "1999.02.??"]
[EventType "tourn"]
[EventRounds "13"]
[EventCountry "ROU"]
[EventCategory "8"]
[SourceTitle "CBM 070"]
[Source "ChessBase"]
[SourceDate "1999.06.08"]
[SourceVersion "1"]
[SourceVersionDate "1999.06.08"]
[SourceQuality "1"]

{[%mdl 4128]} 1. e4 g6 2. d4 Bg7 3. Nc3 c6 4. Nf3 d6 5. Be2 Nf6 6. O-O O-O 7.
Re1 Nbd7 8. Bf4 Qa5 9. Nd2 Qc7 10. a4 e5 (10... a5 11. Nc4 Nb6 12. e5 Ne8 13.
exd6 exd6 14. Ne3 Qd8 15. Nf1 Nc7 16. Ne4 d5 17. Nc5 Nd7 (17... Ne6 $11) 18.
Nxd7 Bxd7 19. c3 $11 {1/2-1/2 Bobras,P-Delemarre,J/EUchJM-U18 Hania ,EXT 1994 
(51)}) 11. dxe5 dxe5 12. Be3 (12. Bg3 $6 Nc5 13. b4 Ne6 14. Nc4 Rd8 (14... Nf4
$6 15. Qd6 Ne8 16. Qxc7 Nxc7 17. Bf1 Nce6 18. Nd1 Rd8 19. Nde3 Bf8 20. c3 $11 {
1-0 Wedberg,T-Schmaltz,R/Bad Worishofen (5) 1991 (43)}) 15. Qc1 Nf4 16. Bxf4 (
16. Bf1 Be6 17. Rb1 Bh6 18. Qb2 Rd4 $17 {0-1 Wedberg,T-Hansen,C/Stockholm
Rilton Cup sp 1996 (37)}) 16... exf4 17. Rd1 $15) 12... Rd8 13. a5 (13. Qc1 Bf8
(13... Nf8 14. Nc4 Ne6 15. Rd1 Nd4 16. Bf1 Be6 $11 {1/2-1/2 Hracek,Z-Gipslis,A/
Stare Mesto Czech Republic 1992 (19)}) 14. Rd1 (14. Nf1 Nc5 15. Ng3 Ne6 16. Rd1
{1/2-1/2 Liebowitz,E-Voth,J/NAICC 1990 (16)}) 14... Nc5 15. f3 Be6 16. Nc4 a5
17. Rxd8 Rxd8 18. Qe1 Nfd7 $11 {0-1 Pigusov,E-Azmayparashvili,Z/USSR 1986/Inf
41 (39)}) (13. f3 b6 14. Qb1 Nf8 15. Nd1 Ne6 16. c3 h5 {1/2-1/2 Andersson,
U-Hansen,C/Novi Sad olm SWE-DEN 1990 (16)}) 13... Nf8 14. f3 h5 (14... Ne6 15.
Na4 h5 (15... Nd7 16. Bc4 b5 17. axb6 axb6 18. Bxe6 fxe6 19. Qe2 $14 {0-1 Li,
R-Reizniece,D/World Junior (Girls), Zagan POL 1997 (30)}) 16. c3 Kh7 17. Qc2
Bh6 18. Bxh6 Kxh6 19. Nc4 Nf4 $132 {1-0 Bobras,P-Szymczak,Z/Polish Team-ch,
Krynica POL 1997 (46)}) 15. b4 Kh7 (15... Ne6 $132) 16. Qc1 Ne6 17. b5 $6 $15 (
17. Bc4 $11) 17... Bh6 (17... Nd4 18. b6 Qe7 19. Bd3 $11) 18. Bxh6 Kxh6 19. b6
Qe7 (19... axb6 $6 20. Nc4+ Kg7 21. axb6 Rxa1 22. Qxa1 (22. bxc7 Rxc1 23. Rxc1
Nxc7 24. Nxe5 $11) 22... Qe7 23. Qa5 $14 {[%csl Re5]}) 20. Nc4+ Kg7 21. Qa3 (
21. Qe3 $2 Nd4 22. Bd3 Be6 23. Ra4 (23. Nxe5 Qc5 $19) 23... Qc5 $17) 21... Qxa3
(21... c5 22. bxa7 Nd4 $132) 22. Rxa3 Nd4 23. Bd3 Be6 (23... axb6 24. Nxb6 Ra7
25. Ne2 $11) 24. Nxe5 (24. a6 $5 axb6 (24... bxa6 25. b7 Rab8 26. Nxe5 $11) 25.
Nxb6 (25. axb7 Rxa3 26. Nxa3 b5 $15) 25... Ra7 (25... Rxa6 26. Bxa6 (26. Rxa6
bxa6 27. Ra1 Nb5 28. Nca4 (28. Ne2 Nc7 29. Ra5 Rb8 30. Na4 Nd7 $17) 28... Rb8
$17) 26... Nxc2 27. Rd1 Rxd1+ 28. Nxd1 Nxa3 29. Bxb7 c5 $17) 26. Rea1 $132)
24... axb6 25. Rb1 (25. Rea1 $5 b5 26. Rb1 (26. a6 b4 $19) 26... Ra7 27. Nd1 {
[%cal Gc2c3]} Ne8 {[%cal Gf7f6] Both parties hunt for the N!} (27... Rda8 28.
c3 $16) 28. c3 Nb3 $15 {[%cal Gf7f6]}) 25... b5 26. Ne2 (26. Nd1 c5 27. c3 Nc6
28. Nxc6 Rxd3 29. Ne5 Rd2 $15) (26. Raa1 $15) 26... Nxe2+ 27. Bxe2 Nd7 (27...
Rd2 28. Bd3 Nd7 29. Nxd7 Bxd7 30. c4 $132) 28. Nxd7 $6 $17 (28. Nd3 $15) 28...
Rxd7 29. Bd3 (29. Kf2 Rd2 30. Ke3 Rxc2 $17) 29... b6 $1 (29... g5 30. Kf2 Kf6
31. Ke3 $11) 30. Rc3 (30. a6 Rda7 31. Rba1 Bc8 32. e5 Rxa6 33. Rxa6 Rxa6 34.
Rxa6 Bxa6 35. f4 Bc8 $17) 30... bxa5 31. Rxc6 b4 32. Kf2 (32. Rb6 b3 (32... a4
33. R6xb4 a3 34. Kf2 a2 35. Ra1 $44) 33. Rc6 a4 $19) 32... a4 33. Ke3 (33. Rxb4
a3 34. Rb1 a2 35. Ra1 Rb7 36. c4 Rb2+ $19) 33... a3 34. Rb6 a2 35. Ra1 Ra4 36.
h4 (36. f4 Rc7 $17) 36... Rc7 37. Kd2 Kf8 38. f4 Bc4 39. g3 (39. e5 Ke7 $17)
39... Ke7 40. e5 Rd7 41. Rd6 Rc7 42. Rb6 Ke8 $1 43. Rb8+ Kd7 44. Rb6 Ke7 $22
45. Rd6 b3 46. Bxc4 Raxc4 (46... bxc2 $2 47. Bxa2 Rxa2 48. Rc1 $11) 47. cxb3
Rc2+ 48. Ke3 Rb2 49. Ra6 Rcc2 $2 $11 (49... Rxb3+ $1 50. Ke4 Rxg3 51. Ra4 $1 (
51. R1xa2 Rc4+ 52. Kd5 Rxf4 $19) 51... Rh3 (51... f5+ 52. exf6+ Kxf6 53. Ra6+
Kg7 54. R1xa2 Re7+ 55. Kd5 Rg4 56. Ra7 Rxa7 57. Rxa7+ Kh6 58. Ke5 Rxh4 59. Ra6
$11) 52. R1xa2 Kf8 $1 (52... Rxh4 53. Ra7 Rxa7 54. Rxa7+ Kf8 55. Ra8+ Kg7 56.
Ra7 Rh1 (56... g5 57. Kf5 Rxf4+ 58. Kxg5 Re4 59. Kxh5 Rxe5+ 60. Kg4 $11) 57.
Kf3 (57. e6 Re1+ $19) 57... Rf1+ 58. Kg3 g5 (58... h4+ 59. Kg4 $11) 59. fxg5
Kg6 60. Ra5 Rg1+ 61. Kf3 Rxg5 62. Ra6+ Kg7 63. Kf4 Rg6 64. Ra3 $44) 53. Ra8+
Kg7 54. R2a4 (54. R8a7 Rc4+ $19) 54... Rxh4 55. R8a7 Rc1 $17) 50. Kd4 Rg2 51.
Kd5 Rbd2+ (51... Rxg3 52. Ra7+ Kf8 53. R1xa2 Rbxb3 54. R2a6 $11) 52. Kc5 Rxg3
53. R1xa2 Rxa2 54. Rxa2 Rxb3 55. Ra7+ Kf8 56. Ra8+ Kg7 57. Ra7 Rf3 58. e6 $1
$11 (58. Ra4 Rh3 59. Kd6 (59. f5 gxf5 60. Rf4 Kg6 61. Rb4 Rg3 62. Rb6+ Kg7 63.
e6 fxe6 64. Rxe6 Rg4 65. Kd5 Rxh4 66. Rc6 Re4 $19) 59... Rxh4 60. e6 fxe6 61.
Kxe6 Rh2 62. Ra7+ Kh6 63. Ra8 h4 64. Kf6 Kh5 65. f5 gxf5 66. Kxf5 Rf2+ 67. Ke4
h3 68. Ke3 Rf1 69. Ke2 Rf6 70. Rh8+ Kg4 71. Rg8+ Kh4 72. Rh8+ Kg3 73. Rg8+ Kh2
$11) 58... Kf6 (58... Rxf4 59. e7 (59. Rxf7+ Rxf7 60. exf7 Kxf7 61. Kd5 Kf6 62.
Ke4 $11) 59... Re4 60. Kd6 Kf6 $19) 59. exf7 Kg7 60. Kd5 Rxf4 61. Ke5 Rxf7 (
61... Rxh4 62. f8=Q+ Kxf8 63. Kf6 $11) 62. Rxf7+ Kxf7 (62... Kxf7 63. Ke4 Ke6
64. Kf4 Kf6 65. Ke4 $11) 1/2-1/2

[Event "Radulescu Memorial"]
[Site "Calimanesti"]
[Date "1999.??.??"]
[Round "11"]
[White "Nisipeanu, Liviu Dieter"]
[Black "Sanduleac, Vasile"]
[Result "1/2-1/2"]
[WhiteElo "2594"]
[BlackElo "2443"]
[Annotator "Tsesarsky,I"]
[PlyCount "91"]
[EventDate "1999.02.??"]
[EventType "tourn"]
[EventRounds "13"]
[EventCountry "ROU"]
[EventCategory "8"]
[SourceTitle "CBM 070"]
[Source "ChessBase"]
[SourceDate "1999.06.08"]
[SourceVersion "1"]
[SourceVersionDate "1999.06.08"]
[SourceQuality "1"]

{[%mdl 1120]} 1. e4 g6 2. d4 Bg7 3. Nc3 c6 4. Bc4 d6 5. Nf3 Nf6 6. Bb3 O-O 7.
O-O d5 8. e5 (8. Re1 Bg4 9. Bg5 dxe4 10. Nxe4 Nbd7 11. c3 (11. h3 Bxf3 12. Qxf3
Qa5 13. Bd2 Qb6 14. Rad1 Nxe4 15. Rxe4 e6 16. Bg5 $14 {1-0 Nezhmetdinov,
R-Malich,B/Moscow 1961 (38)}) 11... Qa5 12. Nxf6+ Nxf6 13. Bd2 Rae8 14. h3 Bxf3
15. Qxf3 $14 {1/2-1/2 Emms,J-McNab,C/Oakham 1994 (46)}) 8... Ne8 9. Ne2 (9. Re1
Bg4 10. h3 Bxf3 11. Qxf3 Nc7 12. Be3 (12. Ne2 f6 (12... Ne6 13. Be3 f6 14. exf6
exf6 15. c4 Ng5 16. Qf4 $16) 13. exf6 exf6 14. Nf4 $14) 12... e6 13. Qg3 Nd7
14. Ne2 c5 15. c3 $14 {1-0 Volkmann,F-Schlosser,M/Austria 1998 (29)}) (9. h3 f5
(9... Nc7 10. Ne2 Nd7 11. c3 f6 12. exf6 exf6 13. Re1 Nb6 14. Nf4 Re8 $11 {
0-1 Lida,F-Tempone,M/Buenos Aires 1990 (57)}) 10. exf6 exf6 11. Re1 Nc7 (11...
Qd6 12. Ne4 Qd8 13. Nc5 b6 14. Ne6 Bxe6 15. Rxe6 $14 {1-0 Pribyl,J-Rasmussen,L/
Prague Metro-B ,EXT 1990 (53)}) 12. Bf4 Ne6 $11) 9... Na6 (9... Bg4 10. Nf4 Nc7
11. h3 Bxf3 12. Qxf3 e6 13. Qg3 c5 14. c3 Nc6 $11 {0-1 Behr,R-Kauschmann,H/
RLNS 1991 (21)}) 10. h3 $5 (10. Nf4 Bg4 $11) 10... Nac7 11. Nf4 Ne6 (11... f6
12. exf6 exf6 13. Re1 Nd6 $11) 12. Nxe6 Bxe6 13. Re1 Nc7 14. Bf4 Qd7 (14... f6
$2 {[%csl Rc7,Re6]}) 15. Qd2 Rae8 {The game goes around of a move f7-f6.} (
15... f6 16. exf6 exf6 17. Bxc7 $18) 16. Qa5 $5 Ra8 17. Rad1 b6 18. Qd2 a5 (
18... Rae8 $11 {[%cal Gf7f6]}) 19. c3 a4 20. Bc2 Bf5 21. e6 $1 {White try to
put problems before the opponent.} (21. Bxf5 Qxf5 22. Bh6 Bxh6 23. Qxh6 Ne6 24.
Rd2 Rfe8 $11 {[%cal Gf7f6]}) 21... Bxe6 (21... fxe6 22. Ne5 Bxe5 23. Bxe5 Bxc2
24. Qxc2 Nb5 25. Rd3 Nd6 26. Rde3 Nf5 27. R3e2 $44) 22. Ng5 (22. Ne5 Bxe5 (
22... Qe8 23. Nxg6 fxg6 24. Bxc7 Bf5 25. Bxf5 Rxf5 26. Bxb6 $16) 23. Bxe5 Ne8
$15) 22... Ra7 (22... Bf5 23. Bxf5 gxf5 24. Qe2 e6 25. Qh5 h6 26. Nf3 $14) 23.
Bxc7 Rxc7 (23... Qxc7 24. Nxe6 fxe6 25. Rxe6 $14) 24. Nxe6 fxe6 25. Bxa4 e5 $2
$16 (25... b5 $142 26. Bc2 c5 27. dxc5 (27. Bb3 b4 28. dxc5 bxc3 29. bxc3 Rxc5
30. c4 d4 $132) 27... Rxc5 28. a3 e5 29. b4 Rc6 30. Qxd5+ Qxd5 31. Rxd5 Rxc3
32. Be4 Rb8 33. Ra1 $14) 26. dxe5 b5 (26... e6 27. Bc2 $16) 27. e6 Qd6 28. Bc2
Rcc8 29. a4 bxa4 30. Bxa4 Rf4 31. Bc2 (31. Ra1 Rcf8 32. Re2 d4 33. cxd4 Bxd4
34. Rf1 c5 $14) 31... Rcf8 32. Re2 Qc5 (32... Rb8 33. b3 (33. b4 Rc4 34. Re3
Bh6 $15) 33... Ra8 34. g3 $16) 33. g3 {[%cal Gh3h4] White plase PP on Black
squares.} Rf3 34. Kg2 Be5 (34... Bh6 35. Qd4 (35. Qxh6 Rxf2+ $19) 35... Qb5 36.
Rde1 Qb8 $5 37. Bd1 (37. Ba4 $4 Be3 $3 38. Qxe3 (38. Rxe3 Rxf2+ $19) 38... Rxe3
$17) 37... Bg7 (37... Be3 38. Rxe3 Rxf2+ 39. Kg1 Qxb2 40. R3e2 $18) 38. Qc5 $16
) 35. Qe1 (35. Rxe5 Rxf2+ $19) 35... Bc7 36. Rd3 R3f6 37. h4 Qc4 (37... Bb6 38.
f4 $16) 38. f3 (38. Rd4 $16) 38... Rb8 39. Bb1 (39. Rd4 Qc5 40. b4 Qd6 41. f4
$16) 39... Ra8 40. Bc2 Qc5 41. f4 Qb5 42. Rf3 $2 $11 (42. b4 $16) 42... Qxb2
43. Bxg6 {[%tqu "En","?","","","f6e6","",10]} Rxe6 $3 44. Rff2 Rxe2 45. Rxe2
Ra1 $1 46. Rxb2 (46. Rxb2 Rxe1 47. Be8 Re6 $11 (47... c5 48. Bc6 e6 $11))
1/2-1/2

[Event "Lippstadt 9th"]
[Site "Lippstadt"]
[Date "1999.08.02"]
[Round "11"]
[White "Wehmeier, Stefan"]
[Black "Slobodjan, Roman"]
[Result "0-1"]
[WhiteElo "2428"]
[BlackElo "2550"]
[Annotator "Tsesarsky,I"]
[PlyCount "80"]
[EventDate "1999.07.22"]
[EventType "tourn"]
[EventRounds "11"]
[EventCountry "GER"]
[EventCategory "8"]
[SourceTitle "CBM 072"]
[Source "ChessBase"]
[SourceDate "1999.10.01"]
[SourceVersion "1"]
[SourceVersionDate "1999.10.01"]
[SourceQuality "1"]

1. e4 g6 2. d4 Bg7 3. Nf3 d6 4. Bc4 c6 5. Nc3 Nf6 6. Qe2 O-O 7. e5 Nd5 8. h3 (
8. exd6 Qxd6 9. Ne4 Qc7 10. O-O Bg4 11. Neg5 Nd7 12. h3 Bxf3 13. Nxf3 Rae8 14.
Rd1 $14 {1/2-1/2 Cseshkovsky,V-Zidkov,V/URS 1972 (40)}) (8. Bd2 Nc7 (8... dxe5
9. dxe5 Nxc3 10. Bxc3 b5 11. Bb3 (11. Bd3 $14) 11... Na6 12. e6 Bxc3+ 13. bxc3
f6 14. h4 (14. O-O Qa5 15. Qe3 Qb6 $11) 14... Nc5 15. h5 g5 16. O-O Qb6 $132 {
1-0 Rublevsky,S-Markowski,T/Polanica Zdroj ,CBM 1996/ (32)}) 9. h3 d5 10. Bd3
b6 11. Be3 Nd7 12. Nd1 f6 13. exf6 exf6 14. O-O Re8 15. Qd2 Nf8 $11 {1/2-1/2
Macieja,B-Markowski,T/Warsaw POL 1998 (36)}) 8... Nxc3 (8... Be6 9. Ne4 Nc7 10.
Bb3 (10. Bxe6 Nxe6 11. O-O dxe5 12. dxe5 Nd7 13. Neg5 Nxg5 14. Bxg5 Nc5 15.
Rad1 Qc7 16. Qe3 Ne6 17. Bh6 Rfd8 18. h4 Qb6 $11 {1-0 Pribyl,M-Maier,C/BL 1994
(67)}) 10... dxe5 11. dxe5 Nd7 12. Bf4 Bxb3 13. axb3 Ne6 14. Bg3 Qc7 15. Nc3
$11 {1/2-1/2 Niegovich,J-Biagi,E/Olivos 1993 (61)}) 9. bxc3 c5 (9... Qa5 10.
Bd2 b5 11. Bb3 Qc7 (11... d5 $2 12. c4) 12. O-O a5 13. a4 Ba6 14. axb5 cxb5 15.
exd6 exd6 16. Bd5 Nc6 17. Rfe1 a4 18. Qe4 Bb7 19. Rab1 a3 20. Rxb5 Ra6 21. Bf4
$16) 10. dxc5 $6 $15 (10. O-O $2 d5 $19 {[%csl Rc4]}) (10. Bb3 $1 Qa5 (10...
dxe5 11. dxe5 Qa5 12. Bb2 Nc6 13. O-O Bf5 14. Rfd1 Rad8 15. Rxd8 Nxd8 $11 {
[%csl Ye6,Yf7]} (15... Rxd8 16. e6 Bxc3 17. exf7+ Kg7 18. Bxc3+ Qxc3 19. Rf1
Na5 20. Qxe7 Rf8 21. Re1 {[%cal Ge7f8]} Nxb3 {[%tqu "En","?","","","f3g5","",
10,"c2b3","",0]} 22. Ng5 $3 $18 (22. cxb3 Rxf7 $11))) 11. Bd2 Nc6 12. O-O $132)
10... dxe5 11. O-O Qc7 (11... Qa5 $144 $15 {[%csl Rc3,Rc5]} 12. Nxe5 Qxc3 13.
Bf4 Qd4 14. Bg3 Qxc5 $15 {White has only paticular compensation.}) 12. Ng5 h6 (
12... Qxc5 $15) 13. Ne4 Kh7 $1 (13... Bf5 14. Rd1 Nd7 15. Rb1 $132) 14. g4 $2
$17 {This course weakens a rule of the king} (14. Rd1 f5 $15) 14... f5 $1 15.
gxf5 Bxf5 (15... gxf5 16. Ng3 Qxc5 17. Rd1 e4 $17) 16. Bd3 Nd7 (16... Nc6 17.
Qe3 Rad8 $15) (16... Bxh3 $2 17. Ng5+ $1 hxg5 18. Qh5+ Kg8 19. Bxg6 Rf6 20.
Bh7+ Kf8 21. Qxh3 $132) 17. Be3 Nf6 (17... Bxh3 $2 18. Ng5+ hxg5 19. Qh5+ Kg8
20. Qxh3 $132) 18. f3 $2 $19 (18. Qf3 Nxe4 19. Bxe4 Bxe4 20. Qxe4 Qc6 $17)
18... Bxh3 19. Rf2 (19. Rfe1 Nxe4 20. Bxe4 Bf5 $19) 19... Bf5 20. Rh2 Bxe4 21.
Bxe4 (21. fxe4 Rad8 $19) 21... Nxe4 22. fxe4 Qc6 23. Qg2 h5 (23... Rf6 $19) 24.
Kh1 Bh6 (24... Rf7 25. Rg1 Raf8 $19) 25. Bxh6 Kxh6 26. Rg1 Qf6 27. Rh3 Rf7 28.
Rg3 Rg8 {[%cal Gg6g5]} 29. Rg5 Qf3 $2 $17 (29... Qe6 $19) 30. Rxe5 Qxg2+ 31.
Rxg2 $2 {[%csl Rg2,Rh1][%cal Gg2g1,Gg1b1]} (31. Kxg2 Rd8 (31... g5 32. Rb1 $132
{[%csl Rb7]}) 32. Kh1 Rd2 33. Re6 Rg7 34. Rb1 Rd7 35. Kg2 $17) 31... g5 32. Rd2
(32. Rd5 e6 33. Rd6 Rg6 $19 {[%csl Yg5,Yh5]}) 32... h4 33. Rd7 (33. Rdd5 Rf1+
34. Kg2 Rc1 35. Rxe7 Rxc2+ 36. Kg1 Rxa2 37. Rxb7 g4 38. c6 h3 39. Rbb5 Rg6 40.
c7 h2+ 41. Kh1 g3 42. Rh5+ Kg7 43. Rbg5 Ra1+ 44. Kg2 Rxg5 45. c8=Q Rg1+ 46. Kf3
Rf1+ 47. Ke2 Rxh5 $19) 33... Rgf8 34. Rf5 (34. Re6+ Kh5 35. Rd1 Rf1+ (35... h3
36. Kh2 Rf2+ 37. Kh1 g4 38. Rxe7 g3 39. Rh7+ Kg4 40. Rg7+ Kf4 41. Rxb7 g2+ 42.
Kg1 h2+ 43. Kxh2 Rf1 44. Kxg2 Rxd1 $19) 36. Rxf1 Rxf1+ 37. Kg2 Rc1 38. Rxe7
Rxc2+ 39. Kg1 g4 40. Rxb7 h3 41. Rh7+ Kg6 42. Rh8 Rxc3 $19) 34... Rxf5 35. exf5
Rxf5 36. c6 bxc6 37. Rxa7 Rf2 38. Rc7 Rxc2 39. Rxc6+ Kh5 40. a4 Kg4 0-1